000 00143 a2200073 4500
020 _a9781431402274
082 _a178431
245 _aSwem in die son
999 _c792528
_d792527
942 _w13411
_xBongani Makatu
_y13411
_zBongani Makatu